|
|
|
|
| LEADER |
00000nam0a2200000 4500 |
| 001 |
139442 |
| 005 |
20231031141730.0 |
| 020 |
|
|
|a RU
|b 87-44994
|
| 035 |
|
|
|a (RuTPU)RU\TPU\book\151061
|
| 090 |
|
|
|a 139442
|
| 100 |
|
|
|a 20080607d1987 m y0rusy5003 ca
|
| 101 |
0 |
|
|a rus
|
| 102 |
|
|
|a RU
|
| 105 |
|
|
|a y z 000ay
|
| 200 |
1 |
|
|a Версты
|e Роман
|f В. П. Иванов
|
| 210 |
|
|
|a Владивосток
|c Дальневосточное книжное изд-во
|d 1987
|
| 215 |
|
|
|a 351,[1] с.
|
| 333 |
|
|
|a Исключено из фонда НТБ ТПУ
|
| 700 |
|
1 |
|a Иванов
|b В. П.
|g Виктор Павлович
|
| 801 |
|
0 |
|a RU
|b RuMRKP
|c 19950417
|g psbo
|
| 801 |
|
1 |
|a RU
|b 63413507
|c 20080607
|g PSBO
|
| 801 |
|
2 |
|a RU
|b 63413507
|c 20220602
|g PSBO
|
| 942 |
|
|
|c BK
|